000
00317nam a22001217a 4500
008
170519b xxu||||| |||| 00| 0 eng d
041
_a
eng
080
_a
94(7/8)
100
_a
16
101
_a
SHH
245
_a
NEOCONSERVATIVES ECONOMIXS IN THE SOUTHERN CONE OF LATIN AMERICA, 1073-1983
_c
RAMOS, J
942
_2
udc
_c
BK
999
_c
13467
_d
13467